00811cam a22002531 4500001001300000003000400013005001700017008004100034010001700075035001900092040002100111042001200132043001200144050002200156051002300178100003500201245009500236260004300331300002000374490004100394650004800435810005700483999001700540gs 14000731 DLC20260227111316.0791004s1914 dcu f000 0 eng  ags 14000731  a(OCoLC)5465799 aDLCcICharEdDLC apremarc an-us---00aQE75b.B9 no. 599 aTN23b.S6cCopy 2.1 aSmith, George Otis,d1871-194410aOur mineral reserves,bhow to make America industrially independentcby George Otis Smith. aWashington,bGovt. Print. Off.,c1914. a48 p. ;c24 cm.1 aU.S. Geological survey. Bulletin 599 0aMines and mineral resourceszUnited States.1 aUnited States.bGeological Survey.tBulletin ;v599. c25419d25419